000 01013cab a2200253 4500
001 ABS45489
008 090401t1991 xxu||||| |||| 00| 0 eng d
035 _a(Sirsi) u53349
041 _aeng
100 _aPound, F.
245 _aParish council hits back in fringe golf belt
260 _c1991
350 _a0
490 _aPlanning (for the Natural and Built Environment)
_v(943) 8 November 1991, 14-15(2)
520 _aConsiders a test case planning application by Northaw and Cuffley Parish Council for redevelopment of redundant farm buildings to residential use in order to fund an alternative land use plan to develop a heathland landscape in opposition to a golf course scheme. Raises the issue of whether such a proposal can be accepted without affecting green belt policy.
650 _aCOMMUNITY FORESTS
650 _aGOLF COURSES
650 _aGREEN BELT
650 _aTEST CASE
650 _aURBAN FRINGE
690 _aPLANNING LAW AND PRACTICE
942 _n0
948 _c04/03/1997
999 _c32893
_d32893